Теория синтеза механизмов авиационных робототехнических систем

Dettagli Bibliografici
Autore principale: Нестеров В. А. Виктор Антонович
Lingua:russo
Pubblicazione: Москва, Изд-во МАИ, 1998
Soggetti:
Natura: MixedMaterials Libro
KOHA link:https://koha.lib.tpu.ru/cgi-bin/koha/opac-detail.pl?biblionumber=15101

MARC

LEADER 00000nam0a2200000 4500
001 15101
005 20231030190022.0
010 |a 570351990X 
035 |a (RuTPU)RU\TPU\book\15205 
035 |a BOOK00015275 
090 |a 15101 
100 |a 20011209d1998 k y0rusy50 ca 
101 0 |a rus 
102 |a RU 
105 |a y z 000zy 
200 1 |a Теория синтеза механизмов авиационных робототехнических систем  |f В. А. Нестеров 
210 |a Москва  |c Изд-во МАИ  |d 1998 
215 |a 587 с. 
610 1 |a авиационные системы 
610 1 |a робототехника 
610 1 |a механизмы 
610 1 |a теория 
610 1 |a проектирование 
610 1 |a ЭВМ 
610 1 |a катапульты 
610 1 |a рычажные механизмы 
675 |a 629.73.06  |v 3 
700 1 |a Нестеров  |b В. А.  |g Виктор Антонович 
801 0 |a RU  |b 63413507  |c 20011209  |g PSBO 
801 2 |a RU  |b 63413507  |c 20130528  |g PSBO 
942 |c BK